000 01012nam2a2200217 4500
001 RU\NLR\BIBL_A\022694713
005 20251228052229.0
010 _a978-5-7533-1999-9
035 _a(NLR Aleph) 022694713
090 _a13511470
_c13511470
100 _a20251224d2024 u y0rusy50 ca
101 0 _arus
102 _aRU
200 0 _aВып. 14
210 _d2024
461 0 _1001RU\NLR\Per\697159
_12001#$aСретенский сборник$eнаучные труды преподавателей СДС$fРус. православ. церковь, Сретен. духов. семинария$vВып. 14
_93833447
_cМосква
_d2010 -
_fРус. православ. церковь, Сретен. духов. семинария
_nСретенский ставропигиальный монастырь
_oнаучные труды преподавателей СДС
_tСретенский сборник
_vВып. 14
852 _aNLR
_jП22/9052
942 _cISSUE
980 _aRUSPER
980 _aNB